00544nam a2200157Ia 450000500170000000800410001708200230005824500350008126000420011630000280015850000630018670000170024994200060026695200990027299900150037120250307014327.0240331s9999 xx 000 0 und d bVAN23465a894.811 0aVanathi Srappuch Sirukathaikal aChennai,bVaanathi Pathippagam,c1992 axii, 335 p., (Volume 4) aA collection of short stories by a group of young writers. aMakarameedt cL 001040708LaWERCLbWERCLcSSCd2024-03-31l0o 894.811 VANp3465r2024-03-31w2024-03-31yL c4182d4182